| 000 | 01320nam a2200157 4500 | ||
|---|---|---|---|
| 999 |
_c7047 _d7047 |
||
| 020 | _a9789988104757 | ||
| 022 | _a9789988104758 | ||
| 050 |
_aPN4784 _b.V68 |
||
| 100 | _aVigah John | ||
| 245 |
_aGuide to Sports Journalism _cJohn Vigah |
||
| 260 |
_aAccra,Ghana _bExcellent Printing Press _c2008 |
||
| 300 |
_axiv. 510 pages : _c24 cm |
||
| 505 | _aWhat is sport Journalism Importance of sports journalism Sports reporting Becoming a Sports Journalist Television Radio Sports Learning English Enriching your Grammar Writing Sports Features/Commentary The Art of interviewing Sourcing- A Cautious Step Investigative Reporting Problems of Investigative Journalism Sports Journalism- Dreaded environment for girls Covering International Assignment The Risk in Sports Journalism Experiences of a Nigerian Sports Journalist Sports Journalist and the law of Libel Bias reporting as Observed by American Media Sports Photography The sports Archive Code of ethics for Ghanaian Journalist Sports Language Athletics Badminton Baseball Basketball Boxing Cricket Cycling Football Golf Handball Hockey Horse Racing Judo Karate-do Kickboxing Netball Rugby Softball Swimming Table Tennis Taekwondo Tennis Volleyball Weightlifting Wrestling Bibliography | ||
| 650 | _aSports | ||
| 942 | _cBK | ||